000 00811nam a22002177a 4500
003 OSt
005 20220917045614.0
008 220917b ||||| |||| 00| 0 eng d
040 _aSSBUL
_cSSBUL
082 _223
_a020
100 0 _aThaw Kaung,
_cU
_910955
245 1 0 _aFrom the librarian's window :
_bviews of library and manuscripts studies and Myanmar literature /
_cU Thaw Kaung.
260 _aYangon :
_bMyanmar Book Center,
_c2008.
300 _a190 pages ;
_c22 cm.
504 _aIncludes bibliography and endnotes.
650 _aLibrary Science
_910956
650 _aManuscripts
_zMyanmar
_910957
650 _aMyanmar literature
_xHistory and criticism
_910958
910 _aMyanmar Library Association(MLA), Biographical writing, Myanmar fiction, Preservation and Conservation (PAC)
942 _2ddc
_cBK1
999 _c8264
_d8264